| Tag |
First Indicator |
Second Indicator |
Subfields |
| LEADER |
00000cam a2200000Ia 4500 |
| 001 |
in00002201243 |
| 005 |
20151104084558.0 |
| 008 |
871209s1987 dcuab b f000 0 eng d |
| 035 |
|
|
|a (OCoLC)ocm17210937
|
| 040 |
|
|
|a GIS
|c GIS
|d OCL
|d OCLCQ
|d TXA
|d UtOrBLW
|
| 043 |
|
|
|a n-us---
|
| 049 |
|
|
|a TXAM
|
| 090 |
|
|
|a GC87
|b .P426 1987
|
| 245 |
0 |
0 |
|a Plan for mapping the seafloor of the United States Exclusive Economic Zone :
|b 1988-92 /
|c U.S. Department of Commerce, National Oceanic and Atmospheric Administration, National Ocean Service, Charting and Geodetic Services.
|
| 264 |
|
1 |
|a [Washington, D.C.] :
|b U.S. Dept. of Commerce, National Oceanic and Atmospheric Administration,
|c [1987]
|
| 300 |
|
|
|a 52 pages :
|b illustrations, maps ;
|c 28 cm.
|
| 336 |
|
|
|a text
|b txt
|2 rdacontent
|
| 337 |
|
|
|a unmediated
|b n
|2 rdamedia
|
| 338 |
|
|
|a volume
|b nc
|2 rdacarrier
|
| 500 |
|
|
|a "August 1987."
|
| 504 |
|
|
|a Includes bibliographical references (pages 34-37).
|
| 650 |
|
0 |
|a Ocean bottom
|z United States
|v Maps.
|
| 650 |
|
0 |
|a Ocean bottom
|z United States
|v Bathymetric maps.
|
| 650 |
|
0 |
|a Ocean bottom
|x Law and legislation.
|
| 650 |
|
0 |
|a Economic zones (Law of the sea)
|
| 710 |
1 |
|
|a United States.
|b National Oceanic and Atmospheric Administration.
|
| 710 |
1 |
|
|a United States.
|b National Ocean Service.
|b Office of Charting and Geodetic Services.
|
| 948 |
|
|
|a cataloged
|b h
|c 2007/11/6
|d c
|e jgreene
|f 5:25:46 pm
|
| 994 |
|
|
|a C0
|b TXA
|
| 999 |
|
|
|a MARS
|
| 999 |
f |
f |
|s 15bb448b-e160-365c-aadf-7e4784431e00
|i 9b477e1e-9086-39c3-ac44-ec2484022e63
|t 0
|
| 952 |
f |
f |
|p ric
|a Texas A&M University
|b Rellis Campus
|c Joint Library Facility
|d Remote Storage
|t 0
|e GC87 .P426 1987
|h Library of Congress classification
|i unmediated -- volume
|m A14834961120
|
| 998 |
f |
f |
|a GC87 .P426 1987
|t 0
|l Remote Storage
|